| Tag |
First Indicator |
Second Indicator |
Subfields |
| LEADER |
00000pam a2200000 a 4500 |
| 001 |
in00000064041 |
| 005 |
20180926133136.0 |
| 008 |
791012s1980 nyu 00011 engm |
| 010 |
|
|
|a 79002653
|
| 020 |
|
|
|a 006012573X :
|c $7.95
|
| 035 |
|
|
|a (OCoLC)05605039
|
| 035 |
|
|
|9 AAG6207AM
|
| 040 |
|
|
|a DLC
|c DLC
|d TXA
|d UtOrBLW
|
| 049 |
|
|
|a TXAM [Also in] [Sp Coll]
|c 1 [1191467]
|a TXAS
|c 2 [1702189]
|
| 050 |
0 |
0 |
|a PS3562.E42
|b B4 1980
|
| 082 |
0 |
|
|a 813/.5/4
|
| 100 |
1 |
|
|a Le Guin, Ursula K.,
|d 1929-2018.
|
| 245 |
1 |
4 |
|a The beginning place /
|c Ursula K. Le Guin.
|
| 250 |
|
|
|a 1st ed.
|
| 263 |
|
|
|a 8002
|
| 264 |
|
1 |
|a New York :
|b Harper & Row,
|c [1980]
|
| 264 |
|
4 |
|c ©1980
|
| 300 |
|
|
|a 183 pages ;
|c 22 cm.
|
| 336 |
|
|
|a text
|b txt
|2 rdacontent
|
| 337 |
|
|
|a unmediated
|b n
|2 rdamedia
|
| 338 |
|
|
|a volume
|b nc
|2 rdacarrier
|
| 500 |
|
|
|a "Jacket design by Griesbach Martucci"--Dust jacket.
|
| 500 |
|
|
|a One of the Cushing Library/Science Fiction copies was acquired as part of the personal Science Fiction/Fantasy library of Anne McCaffrey as donated by her son Todd McCaffrey.
|
| 700 |
1 |
|
|a McCaffrey, Anne,
|e former owner.
|5 TXA
|
| 999 |
|
|
|a MARS
|
| 999 |
f |
f |
|s 6855b4c6-42be-3fe7-8667-42284a25010a
|i 9c17289d-03e4-38ad-bf4d-0998e43b2b27
|t 0
|
| 952 |
f |
f |
|p normal
|a Texas A&M University
|b College Station
|c Sterling C. Evans Library
|s Evans stk
|d Evans: Library Stacks
|t 0
|e PS3562 E42 B4 1980
|h Library of Congress classification
|i unmediated -- volume
|m A14804322469
|
| 998 |
f |
f |
|a PS3562 E42 B4 1980
|t 0
|l Evans: Library Stacks
|